000 01385nam2a22002531 4500
001 RU\NLR\INFOCOMM18\1000037870
005 20250616232834.0
035 _a(NLR Aleph) 002279477
090 _a4028159
_c4028159
100 _a20031204d1958 |||y0rusy50 ca
101 0 _arus
102 _aRU
105 _ay |||||||||
200 1 _aЛекции по линейному программированию
_fБ. Креко
210 _d1958
_aБ. м.
461 0 _1001RU\NLR\INFOCOMM18\1000037866
_12001#$aНаучная информация по экономике и статистике$fАкад. наук СССР. Совет по изучению производительных сил и Сибирский ин-т экономики и статистики$vВып.3
_94028122
_aАкадемия наук СССР. Совет по изучению производительных сил
_cМосква
_d1958-
_fАкад. наук СССР. Совет по изучению производительных сил и Сибирский ин-т экономики и статистики
_tНаучная информация по экономике и статистике
_vВып.3
700 1 _aКреко
_bБ.
_4070
801 1 _aRU
_bInfoComm
_c20031204
801 0 _aRU
_bNLR
_gPSBO
852 _aNLR
_jП23/2395
942 _cISSUE
980 _aNB
980 _aRUSPER